[Event "VIE-ch U09"]
[Site "Hai Phong"]
[Date "2018.07.10"]
[Round "6"]
[White "Ha, Duc Tri Vu"]
[Black "Le, Hoang Anh"]
[Result "1-0"]
[WhiteElo "1925"]
[BlackElo "1947"]
[PlyCount "161"]
[EventDate "2018.07.07"]
[EventType "swiss"]
[EventRounds "9"]
[EventCountry "VIE"]
[SourceTitle "EXT 2019"]
[Source "ChessBase"]
[SourceDate "2018.10.10"]
[SourceVersion "1"]
[SourceVersionDate "2018.10.10"]
[SourceQuality "1"]

1. e4 e6 2. d4 d5 3. Nc3 Nf6 4. Bd3 Bb4 5. f3 Nc6 6. Nge2 0-0 7. Bg5 Be7 8. e5 Nd7 9. Bxe7 Nxe7 10. Nb1 c5 11. c3 Qb6 12. Qb3 cxd4 13. Qxb6 Nxb6 14. cxd4 Bd7 15. Nbc3 a6 16. 0-0 Na4 17. Nxa4 Bxa4 18. Nc3 Bd7 19. Rac1 Rfc8 20. Rc2 Nc6 21. Ne2 Nb4 22. Rxc8+ Rxc8 23. Bb1 Bb5 24. Rc1 Rxc1+ 25. Nxc1 Nc6 26. Nb3 b6 27. Kf2 h6 28. Ke3 Kf8 29. f4 g6 30. g3 Ke7 31. Nd2 Na5 32. b3 Nc6 33. a4 Bxa4 34. bxa4 a5 35. g4 Kf8 36. Nf3 Kg7 37. f5 g5 38. Ng1 Nd8 39. Nh3 f6 40. Nf2 Kf7 41. Nd1 Nc6 42. exf6 Kxf6 43. Nc3 Ne7 44. fxe6 Kxe6 45. Nb5 Kd7 46. Ba2 Ke6 47. Kf3 Kd7 48. Kg3 Kc6 49. h4 Kd7 50. Nc3 Kd6 51. Ne2 Ke6 52. Ng1 Ng6 53. Nf3 Kf6 54. Bxd5 Ne7 55. Bb7 Ng6 56. Bc6 Ne7 57. d5 Nc8 58. h5 Nd6 59. Kf2 Nc4 60. Nd4 Ne5 61. Kg3 Nc4 62. Nf5 Ke5 63. Nxh6 Kf6 64. Nf5 Ne5 65. h6 Kg6 66. d6 Nxc6 67. Ne7+ Nxe7 68. dxe7 Kf7 69. h7 Ke8 70. h8Q+ Kxe7 71. Qd4 Kf7 72. Qd6 Kg7 73. Kf3 b5 74. Ke4 bxa4 75. Kf5 a3 76. Qxa3 a4 77. Kxg5 Kf7 78. Kf5 Kg7 79. Qe7+ Kh6 80. g5+ Kh5 81. Qh7# 1-0

[Event "VIE-ch U09"]
[Site "Hai Phong"]
[Date "2018.07.09"]
[Round "4"]
[White "Ha, Duc Tri Vu"]
[Black "Nguyen, Ngo Trung Quan"]
[Result "1-0"]
[WhiteElo "1925"]
[BlackElo "1949"]
[PlyCount "81"]
[EventDate "2018.07.07"]
[EventType "swiss"]
[EventRounds "9"]
[EventCountry "VIE"]
[SourceTitle "EXT 2019"]
[Source "ChessBase"]
[SourceDate "2018.10.10"]
[SourceVersion "1"]
[SourceVersionDate "2018.10.10"]
[SourceQuality "1"]

1. e4 e5 2. Nf3 Nc6 3. Bc4 Bc5 4. c3 Nf6 5. d3 0-0 6. 0-0 h6 7. Nbd2 d6 8. a4 a5 9. Re1 Ng4 10. Re2 Na7 11. Nf1 c6 12. h3 Nf6 13. Ng3 Nh7 14. Bd2 Qf6 15. Be3 Bxh3 16. Bxc5 dxc5 17. Nxe5 Qxe5 18. gxh3 Ng5 19. Kg2 b5 20. axb5 Nxb5 21. Qc1 Ne6 22. Re1 Nf4+ 23. Kh2 Rad8 24. Qe3 Ng6 25. Rxa5 Rb8 26. Rea1 Rfd8 27. Qf3 Rf8 28. Qf5 Qd6 29. Ra6 Kh8 30. R1a5 Qc7 31. Qxc5 Qf4 32. Qf5 Qc7 33. Bxb5 cxb5 34. Rxb5 Rxb5 35. Qxb5 Rb8 36. Rc6 Qd8 37. Qd5 Qh4 38. Qf5 Rxb2 39. Rc8+ Kh7 40. Qxf7 Ne7 41. Rc7 1-0

[Event "VIE-ch U09"]
[Site "Hai Phong"]
[Date "2018.07.08"]
[Round "3"]
[White "Doan, The Duc"]
[Black "Ha, Duc Tri Vu"]
[Result "1/2-1/2"]
[WhiteElo "1953"]
[BlackElo "1925"]
[PlyCount "72"]
[EventDate "2018.07.07"]
[EventType "swiss"]
[EventRounds "9"]
[EventCountry "VIE"]
[SourceTitle "EXT 2019"]
[Source "ChessBase"]
[SourceDate "2018.10.10"]
[SourceVersion "1"]
[SourceVersionDate "2018.10.10"]
[SourceQuality "1"]

1. d4 d5 2. c4 e6 3. Nc3 Nf6 4. Bg5 c6 5. cxd5 exd5 6. e3 Be7 7. Nf3 Nbd7 8. Bd3 0-0 9. 0-0 b6 10. Rc1 Re8 11. Qc2 Bb7 12. Qb1 a5 13. b3 h6 14. Bh4 Kh8 15. Ne2 Rc8 16. Bf5 Ra8 17. h3 Kg8 18. Bg3 Kh8 19. Nf4 Kg8 20. Nd3 Ne4 21. Bh2 Nd6 22. Bxd7 Qxd7 23. Nde5 Qf5 24. Qxf5 Nxf5 25. Nxc6 a4 26. Nxe7+ Rxe7 27. bxa4 Rxa4 28. Rb1 Ba6 29. Rfc1 b5 30. Rb2 b4 31. Ne5 f6 32. Nc6 Rb7 33. Rcb1 Bd3 34. Rxb4 Rbxb4 35. Rxb4 Rxa2 36. g4 Nh4 1/2-1/2